000
00318nam a22001337a 4500
999
_c
13405
_d
13405
020
_a
9781260092523
082
_a
519.5
100
_a
Doane, David P.
245
_a
Applied Statistics in Business and Economics
250
_a
Sixth
260
_a
New York
_b
McGraw Hill Education
_c
2019
300
_a
840 p.
942
_c
BK